00249nam a2200085Ia 4500008004100000100001600041245007000057260002800127300000800155201231s9999 xx 000 0 und d aJudd, Denis 0aEmpire : The British imperial experience from 1765 to the present aLondonbHarper, Collins a517